000 01707cam a2200289 4500500
005 20251228060116.0
041 _afre
042 _adc
100 1 0 _aCadéac, Brigitte
_eauthor
245 0 0 _aQuand, comment consulter pour un adolescent... à partir de la ligne Inter Service Parents ?
260 _c2005.
500 _a59
520 _aRésumé À partir des entretiens menés avec des parents sur les lignes téléphoniques de l’École des Parents et des Educateurs I-d-F se pose la question de la pertinence de proposer une consultation en santé mentale à un adolescent, d’une part, et d’autre part de son adhésion à cette proposition. Les parents s’avèrent le plus souvent désemparés face aux difficultés de leur enfant adolescent. Toutefois, si certains dramatisent la situation, d’autres la banalisent avec excès.
520 _aBased on interviews with parents on the hotline of the “Ecole des Parents Ile de France”, a question is raised about the relevancy of offering a mental health consultation to an adolescent as well as his volunteer commitment to this proposal. Facing their children’s d difficulties, parents are mostly distraught. Yet if some parents dramatize the situation, others will belittle it to excess.
690 _aadhésion
690 _aalarmer
690 _ademande d'aide
690 _aécoute
690 _aprotection
690 _arassurer
690 _aadhesion
690 _ahelp request
690 _ahot line
690 _aparents
786 0 _nEnfances & Psy | 30 | 1 | 2005-12-01 | p. 71-78 | 1286-5559
856 4 1 _uhttps://shs.cairn.info/revue-enfances-et-psy-2006-1-page-71?lang=fr&redirect-ssocas=7080
999 _c1586988
_d1586988